000 00377nam a22001577a 4500
003 MACL
005 20151206151329.0
008 151206b xxu||||| |||| 00| 0 eng d
040 _cMACL
041 _aEnglish
082 _a741.642
100 _aRegunathan,Sudhamahi
_919603
245 _aFolk Tales of The North East
650 _aChildren's book
_919604
942 _2ddc
_cBK
999 _c51438
_d51438